[Event "Salon de Provence op 6th"]
[Site "Salon de Provence"]
[Date "2015.07.04"]
[Round "2"]
[White "Barret, Simon"]
[Black "Joubert, Leo"]
[Result "1-0"]
[WhiteElo "2161"]
[BlackElo "1843"]
[PlyCount "90"]
[EventDate "2015.07.04"]
[EventType "swiss"]
[EventRounds "9"]
[EventCountry "FRA"]
[SourceTitle "EXT 2016"]
[Source "ChessBase"]
[SourceDate "2015.10.08"]
[SourceVersion "1"]
[SourceVersionDate "2015.10.08"]
[SourceQuality "1"]

1. d4 Nf6 2. Nc3 e6 3. e4 d5 4. e5 Nfd7 5. f4 c5 6. Nf3 Nc6 7. Be3 Be7 8. Qd2 0-0 9. dxc5 Bxc5 10. 0-0-0 Qb6 11. Bxc5 Qxc5 12. Bd3 Qe7 13. Rhe1 f6 14. exf6 Nxf6 15. g3 Bd7 16. Qe2 Rae8 17. Ne5 Bc8 18. Qg2 Nxe5 19. Rxe5 a6 20. Rde1 Qb4 21. a3 Qc5 22. Ne4 Nxe4 23. Bxe4 Qc6 24. Rxd5 exd5 25. Bxd5+ Kh8 26. Bxc6 Rxe1+ 27. Kd2 Re7 28. Be4 Rd8+ 29. Bd3 Bg4 30. Qh1 Bf5 31. Qf3 Red7 32. g4 Bxd3 33. cxd3 Kg8 34. f5 Kf7 35. Qe4 Kf6 36. h4 Rxd3+ 37. Kc2 Rd2+ 38. Kb1 R2d6 39. g5+ Kf7 40. Qxb7+ R8d7 41. Qe4 Rb6 42. Qc4+ Kf8 43. Qc8+ Ke7 44. Qg8 Rdb7 45. Qxg7+ Kd6 1-0

[Event "FRA-ch Accession"]
[Site "Nimes"]
[Date "2009.08.15"]
[Round "5"]
[White "Barret, Simon"]
[Black "Ozenne, Corentin"]
[Result "0-1"]
[WhiteElo "2166"]
[BlackElo "1996"]
[PlyCount "132"]
[EventDate "2009.08.11"]
[EventType "swiss"]
[EventRounds "9"]
[EventCountry "FRA"]
[SourceTitle "CBM 132 Extra"]
[Source "ChessBase"]
[SourceDate "2009.11.03"]
[SourceVersion "1"]
[SourceVersionDate "2009.11.03"]
[SourceQuality "1"]

1. d4 Nf6 2. c4 g6 3. Nc3 Bg7 4. e4 d6 5. Nf3 0-0 6. Be2 c5 7. dxc5 dxc5 8. Qxd8 Rxd8 9. e5 Ne8 10. Bg5 Nc6 11. Nd5 Kf8 12. h3 Be6 13. Nf4 Bf5 14. Nd5 Rd7 15. 0-0-0 Nxe5 16. Rhe1 Nc6 17. Bf1 h6 18. Be3 b6 19. g4 Be4 20. Nd2 Bxd5 21. cxd5 Nb4 22. a3 Nxd5 23. Ne4 Rdd8 24. Bc4 e6 25. Kc2 Nec7 26. Bc1 a6 27. f4 Nb5 28. Bxb5 axb5 29. f5 gxf5 30. gxf5 exf5 31. Ng3 f4 32. Nf5 Rac8 33. Kb1 c4 34. Nxg7 Kxg7 35. Rd4 c3 36. Bxf4 Rc4 37. Be5+ f6 38. Rxc4 bxc4 39. Bxc3 Nxc3+ 40. bxc3 Rd3 41. Kc2 Rxh3 42. Re7+ Kg6 43. Rb7 Rh2+ 44. Kd1 Ra2 45. Rxb6 Rxa3 46. Kd2 Ra4 47. Ke3 h5 48. Rc6 Kg5 49. Kf3 h4 50. Rc5+ f5 51. Rc6 h3 52. Kg3 h2 53. Kxh2 Kf4 54. Kg2 Ke3 55. Kg3 Kd3 56. Rc5 Kxc3 57. Rxf5 Ra6 58. Kf3 Re6 59. Rd5 Kc2 60. Rc5 c3 61. Rb5 Kc1 62. Rc5 c2 63. Rb5 Kd2 64. Rd5+ Kc3 65. Rc5+ Kb3 66. Rc7 Re1 0-1

[Event "FRA-chT2 South 0809"]
[Site "France"]
[Date "2009.04.04"]
[Round "10.2"]
[White "Barret, Simon"]
[Black "Duluc, Jeremie"]
[Result "1-0"]
[WhiteElo "2145"]
[BlackElo "2171"]
[PlyCount "39"]
[EventDate "2008.10.12"]
[EventType "team-tourn"]
[EventRounds "11"]
[EventCountry "FRA"]
[SourceTitle "EXT 2010"]
[Source "ChessBase"]
[SourceDate "2010.11.25"]
[SourceVersion "1"]
[SourceVersionDate "2010.11.25"]
[SourceQuality "1"]
[WhiteTeam "Avignon"]
[BlackTeam "Clermont Ferrand"]
[WhiteTeamCountry "FRA"]
[BlackTeamCountry "FRA"]

1. d4 Nf6 2. Nf3 e6 3. e3 c5 4. Bd3 cxd4 5. exd4 b6 6. 0-0 Be7 7. Qe2 Bb7 8. Rd1 0-0 9. Nbd2 d6 10. Nf1 Nbd7 11. c4 d5 12. Ne5 dxc4 13. Bxc4 Nd5 14. Rd3 Nxe5 15. dxe5 Qc7 16. Rg3 Rfd8 17. Bh6 g6 18. Rc1 Qc5 19. Bb5 Qb4 20. Rg4 1-0

[Event "FRA-chT2 South 0809"]
[Site "France"]
[Date "2009.03.14"]
[Round "8.3"]
[White "Grizou, Regis"]
[Black "Barret, Simon"]
[Result "1/2-1/2"]
[WhiteElo "2195"]
[BlackElo "2146"]
[PlyCount "107"]
[EventDate "2008.10.12"]
[EventType "team-tourn"]
[EventRounds "11"]
[EventCountry "FRA"]
[SourceTitle "EXT 2010"]
[Source "ChessBase"]
[SourceDate "2010.11.25"]
[SourceVersion "1"]
[SourceVersionDate "2010.11.25"]
[SourceQuality "1"]
[WhiteTeam "Agen"]
[BlackTeam "Avignon"]
[WhiteTeamCountry "FRA"]
[BlackTeamCountry "FRA"]

1. d4 Nf6 2. Nf3 c5 3. e3 d5 4. dxc5 e6 5. c4 Bxc5 6. a3 0-0 7. Nc3 dxc4 8. Bxc4 Qxd1+ 9. Kxd1 a6 10. b4 Be7 11. Bb2 b5 12. Bb3 Bb7 13. Ke2 Nbd7 14. Rhc1 Rfc8 15. g3 h6 16. Nd2 e5 17. f3 Kf8 18. e4 Bd6 19. Nf1 Nb6 20. Ne3 g6 21. Rc2 Ne8 22. Rac1 Ng7 23. Ncd5 Rxc2+ 24. Rxc2 Nd7 25. Rd2 Rd8 26. Ng4 h5 27. Ngf6 Nxf6 28. Nxf6 Ke7 29. Nd5+ Bxd5 30. Bxd5 Ne6 31. Bb7 Nc7 32. Bd5 Nxd5 33. Rxd5 f6 34. Rd3 Rc8 35. Rc3 Rxc3 36. Bxc3 Ke6 37. Bd2 Kd7 38. Kd3 Ke6 39. Be3 a5 40. Bd2 a4 41. Be3 Kd7 42. h3 Bf8 43. Bd2 Ke6 44. Ke2 Bg7 45. g4 Kf7 46. Kd3 Bf8 47. Bc3 Be7 48. Bd2 Kg7 49. Be1 Kf7 50. gxh5 gxh5 51. h4 Ke6 52. Ke3 f5 53. Bf2 Bd8 54. Kd3 1/2-1/2

[Event "FRA-chT2 South 0809"]
[Site "France"]
[Date "2008.10.12"]
[Round "1.5"]
[White "Barret, Simon"]
[Black "Mourot, Jean Pierre"]
[Result "1-0"]
[WhiteElo "2138"]
[BlackElo "2037"]
[PlyCount "89"]
[EventDate "2008.10.12"]
[EventType "team-tourn"]
[EventRounds "11"]
[EventCountry "FRA"]
[SourceTitle "EXT 2010"]
[Source "ChessBase"]
[SourceDate "2010.11.25"]
[SourceVersion "1"]
[SourceVersionDate "2010.11.25"]
[SourceQuality "1"]
[WhiteTeam "Avignon"]
[BlackTeam "Hyeres II"]
[WhiteTeamCountry "FRA"]
[BlackTeamCountry "FRA"]

1. e4 c5 2. Nf3 Nc6 3. d4 cxd4 4. Nxd4 e5 5. Nb5 a6 6. Nd6+ Bxd6 7. Qxd6 Qf6 8. Qxf6 Nxf6 9. Nc3 Nb4 10. Kd2 d5 11. a3 d4 12. axb4 dxc3+ 13. Ke3 0-0 14. f3 Bd7 15. bxc3 Rac8 16. c4 Be6 17. c5 Nd7 18. Bd3 Rfd8 19. Bb2 f6 20. Rhd1 Nb8 21. Be2 Kf7 22. f4 exf4+ 23. Kxf4 Nc6 24. Bc3 Ne7 25. Bd4 Rc7 26. Bf2 Rxd1 27. Rxd1 Ng6+ 28. Ke3 Rc8 29. Bg3 Ne5 30. Bxe5 fxe5 31. Rd6 Rc7 32. Kd2 Ke7 33. Kc3 a5 34. Bc4 axb4+ 35. Kxb4 Bxc4 36. Kxc4 Kf7 37. Kd5 h6 38. g4 Re7 39. c4 Rc7 40. h4 Re7 41. h5 Rc7 42. c6 bxc6+ 43. Rxc6 Re7 44. Rb6 Rc7 45. c5 1-0

[Event "FRA-chT2S 9900"]
[Site "France"]
[Date "1999.10.17"]
[Round "1"]
[White "Peyrin, Jean"]
[Black "Barret, Simon"]
[Result "1/2-1/2"]
[WhiteElo "2091"]
[BlackElo "2099"]
[PlyCount "82"]
[EventDate "1999.01.15"]
[EventType "team"]
[EventRounds "7"]
[EventCountry "FRA"]
[SourceTitle "EXT 2002"]
[Source "ChessBase"]
[SourceDate "2001.11.25"]
[SourceVersion "1"]
[SourceVersionDate "2001.11.25"]
[SourceQuality "1"]

1. d4 d5 2. c4 c6 3. Nf3 Nf6 4. cxd5 cxd5 5. Nc3 e6 6. Bf4 Nc6 7. e3 Bb4 8. Bd3 0-0 9. 0-0 Be7 10. Rc1 Bd7 11. Ne5 Nxe5 12. Bxe5 Bc6 13. a3 Nd7 14. Bg3 f5 15. b4 a6 16. Na4 Qe8 17. Nc5 Nxc5 18. bxc5 g5 19. Be5 Bf6 20. Bd6 Be7 21. Bxe7 Qxe7 22. Qh5 Qg7 23. Qe2 Rf6 24. f4 g4 25. g3 Rh6 26. Rf2 Qc7 27. Qd2 Rf8 28. Rb1 Rg6 29. Rb6 h5 30. Bf1 Rc8 31. Rb2 Qd8 32. Qe1 Qd7 33. Rg2 Rg7 34. Rb6 Qd8 35. Rbb2 Rh7 36. Ra2 Kh8 37. Rab2 Qe8 38. Rb6 Qd7 39. Rbb2 Rg8 40. Rb6 Qe8 41. Rbb2 Qd8 1/2-1/2

[Event "FRA-chTB 9697"]
[Site "France"]
[Date "1997.??.??"]
[Round "4"]
[White "Claverie, Christophe"]
[Black "Barret, Simon"]
[Result "1/2-1/2"]
[WhiteElo "2285"]
[BlackElo "2105"]
[PlyCount "80"]
[EventDate "1997.??.??"]
[EventType "team"]
[EventRounds "7"]
[EventCountry "FRA"]
[SourceTitle "EXT 1999"]
[Source "ChessBase"]
[SourceDate "1998.11.16"]
[SourceVersion "1"]
[SourceVersionDate "1998.11.16"]
[SourceQuality "1"]

1. c4 Nf6 2. Nc3 g6 3. e4 d6 4. d4 Bg7 5. f3 0-0 6. Be3 Nc6 7. Nge2 a6 8. Qd2 Rb8 9. a4 Nb4 10. g4 c6 11. h4 h5 12. g5 Nd7 13. f4 d5 14. Nxd5 Nxd5 15. exd5 Nb6 16. b3 cxd5 17. c5 Na8 18. a5 Bg4 19. Nc3 Qd7 20. Bg2 e6 21. 0-0 f6 22. b4 Nc7 23. Rfb1 Bf5 24. Rb2 Rbd8 25. Qe2 Bg4 26. Qc2 Bf5 27. Qb3 Bd3 28. Na4 Bb5 29. Nc3 Bc4 30. Qc2 Kh7 31. Bf3 f5 32. Qd1 Qf7 33. Rd2 Nb5 34. Na4 Qe8 35. Rc1 Nc7 36. Nb2 Bb5 37. Nd3 Bc6 38. Ne5 Bxe5 39. fxe5 Kg7 40. Bf4 Rh8 1/2-1/2

[Event "Provence-ch 9697"]
[Site "France"]
[Date "1996.??.??"]
[Round "3"]
[White "Barret, Simon"]
[Black "Busson, Benoist"]
[Result "1-0"]
[WhiteElo "2115"]
[BlackElo "1910"]
[PlyCount "47"]
[EventDate "1996.??.??"]
[EventType "tourn"]
[EventRounds "9"]
[EventCountry "FRA"]
[SourceTitle "EXT 2005"]
[Source "ChessBase"]
[SourceDate "2004.11.15"]
[SourceVersion "1"]
[SourceVersionDate "2004.11.15"]
[SourceQuality "1"]

1. e4 d5 2. exd5 Nf6 3. d4 Bg4 4. f3 Bf5 5. Bb5+ Nbd7 6. c4 a6 7. Ba4 b5 8. cxb5 Nxd5 9. Ne2 e6 10. 0-0 Bd6 11. Nbc3 Nxc3 12. bxc3 0-0 13. bxa6 Rxa6 14. Ng3 Bg6 15. Bb5 Ra5 16. a4 Nb6 17. Bd2 Qh4 18. f4 Rxb5 19. axb5 Bd3 20. Rf3 Bxb5 21. Ne4 Nd5 22. Rh3 Qe7 23. Nxd6 cxd6 24. Qb1 1-0

[Event "Provence-ch 9697"]
[Site "France"]
[Date "1996.??.??"]
[Round "1"]
[White "Barret, Simon"]
[Black "Salus, Stephane"]
[Result "1-0"]
[WhiteElo "2115"]
[BlackElo "2260"]
[PlyCount "93"]
[EventDate "1996.??.??"]
[EventType "tourn"]
[EventRounds "9"]
[EventCountry "FRA"]
[SourceTitle "EXT 2005"]
[Source "ChessBase"]
[SourceDate "2004.11.15"]
[SourceVersion "1"]
[SourceVersionDate "2004.11.15"]
[SourceQuality "1"]

1. e4 c5 2. Nf3 d6 3. d4 Nf6 4. Nc3 cxd4 5. Nxd4 e6 6. Bc4 Nc6 7. Be3 Qc7 8. Bb3 a6 9. Qe2 Be7 10. 0-0-0 Na5 11. g4 b5 12. g5 Nxb3+ 13. axb3 Nd7 14. f4 b4 15. Na4 Bb7 16. Bd2 a5 17. Kb1 Rc8 18. Rc1 Nc5 19. Rhg1 Nxe4 20. Be3 Nc5 21. Qb5+ Kf8 22. Qe2 Nxa4 23. bxa4 Be4 24. Nb5 Qb7 25. b3 h6 26. gxh6 Rxh6 27. Bd4 g6 28. Bb2 Rh3 29. Rg3 Rh5 30. Qe3 Bf5 31. Qd4 e5 32. fxe5 Rh4 33. Qe3 Qe4 34. Qxe4 Bxe4 35. exd6 Bd8 36. h3 Bf5 37. Rg2 Rc5 38. Rd1 Rxh3 39. d7 Re3 40. Rh2 Rh3 41. Re2 Be6 42. Be5 Rxe5 43. Rxe5 Ke7 44. Na7 Rc3 45. Nb5 Rc6 46. Ree1 Bb6 47. Na7 1-0

[Event "Orange op"]
[Site "Orange"]
[Date "1994.??.??"]
[Round "3"]
[White "Touzane, Olivier"]
[Black "Barret, Simon"]
[Result "1-0"]
[WhiteElo "2320"]
[BlackElo "1950"]
[PlyCount "83"]
[EventDate "1994.??.??"]
[EventType "swiss"]
[EventRounds "9"]
[EventCountry "FRA"]
[SourceTitle "EXT 1999"]
[Source "ChessBase"]
[SourceDate "1998.11.16"]
[SourceVersion "1"]
[SourceVersionDate "1998.11.16"]
[SourceQuality "1"]

1. d4 Nf6 2. c4 g6 3. Nc3 Bg7 4. e4 d6 5. Nf3 0-0 6. Be2 e5 7. 0-0 Nc6 8. d5 Ne7 9. Nd2 a5 10. a3 Nd7 11. Rb1 f5 12. b4 axb4 13. axb4 Kh8 14. Qc2 Ng8 15. Nb5 Ndf6 16. f3 f4 17. c5 Ne8 18. Bb2 c6 19. Nxd6 Nxd6 20. cxd6 cxd5 21. exd5 Qxd6 22. Qc5 Qd8 23. Nc4 Bf5 24. Rbd1 Rc8 25. Qb5 Bd7 26. Qxb7 Rb8 27. Qa7 Rxb4 28. Bxe5 Rf7 29. Qc5 Rb3 30. Nd6 Re7 31. Bxg7+ Rxg7 32. Bc4 Re3 33. Ne4 Nf6 34. Qd4 Nxe4 35. fxe4 Qg5 36. Kh1 h5 37. Rde1 Rxe1 38. Rxe1 Qh4 39. Rf1 Kh7 40. e5 Bg4 41. Qxf4 Qd8 42. e6 1-0